Eko bývanie. Ročník IX,, 2012/2013 /

Uloženo v:
Podrobná bibliografie
Další autoři: Partmanová, Ivona (Šéfredaktor, odpovědný redaktor)
Médium: Kniha
Jazyk:slovenština
Vydáno: Žilina : Media/ST, 2012
Témata:
ISBN:9788089532094
On-line přístup: Získat plný text
Tagy: Přidat tag
Žádné tagy, Buďte první, kdo vytvoří štítek k tomuto záznamu!

MARC

LEADER 00000nam a2200000 4500
003 SK-BrCVT
005 20220618074220.0
006 aoea e 000 0
008 120703s2012####xo# oea e 000 0slo#d
020 |a 9788089532094   |q (brož.) 
035 |a CVTIDW0035592 
040 |a SNK  |b slo  |c SVKBB  |e AACR2  |d CVTI SR 
041 0 |a slo 
044 |a xo  |c SK 
080 |a 728:502  |2 2008 
080 |a 502.1  |2 2008 
080 |a 697.1:620.9  |2 2008 
080 |a 620.9  |2 2008 
245 0 0 |a Eko bývanie.  |n Ročník IX,, 2012/2013 /  |c [šéfredaktorka: Ivona Partmanová] 
246 0 3 |a Nízkoenergetické eko bývanie 
260 |a Žilina :  |b Media/ST,  |c 2012 
300 |a 159 s. :  |b fotogr. ;  |c 24 cm 
653 1 |a ekologické bývanie 
653 1 |a nízkoenergetický dom 
653 1 |a prepravný kontajner 
653 1 |a úsporné osvetlenie 
653 1 |a ochrana biodiverzity 
655 7 |a prehľady  |2 SNKPH 
700 1 |a Partmanová, Ivona  |4 pbd 
852 |a CVTISR  |b 1 
910 |b A616481  |b A616585 
919 |a 978-80-89532-09-4 
959 |a 63 
974 |a maria.Geracsekova  |f Knihy 
992 |a APH 
999 |c 187300  |d 187300